000
00288nam a2200121 a 4500
008
100914s1988|||| d
245
1
0
_a
Krutý experiment
100
1
_a
Dilov, Ljuben
020
_c
13
260
_a
Praha
_c
1988
_b
Československý spisovateľ
041
_a
cze
044
_a
CZ
999
_c
10305
_d
10305